| 000 | 00449nam a2200193Ia 4500 | ||
|---|---|---|---|
| 005 | 20240921120738.0 | ||
| 008 | 240921s9999||||xx |||||||||||||| ||und|| | ||
| 041 | _aENGLISH | ||
| 082 | _A624 N8 | ||
| 100 | _aRasool Mohideen E | ||
| 245 | 0 | _aBasic Civil Engineering | |
| 250 | _a1st | ||
| 260 |
_c1998 _bScitech,Chennai |
||
| 500 | _aRoofs | ||
| 650 |
_aCivil Engineering _bCivil |
||
| 700 | _a Iayaraman R | ||
| 942 | _cBK | ||
| 999 |
_c247455 _d247455 |
||